Ramification theoretic methods in algebraic geometry /

Guardado en:
Autor Principal: Abhyankar, Shreeram Shankar.
Formato: Libro
Idioma:English
Publicado: Princeton, N.J. : Princeton University Press, 1959.
Series:Annals of mathematics studies ; no. 43
Materias:
Acceso en línea:Google Book Search
Etiquetas: Agregar Etiqueta
Sin Etiquetas, Sea el primero en etiquetar este registro!
LEADER 00835cam a22002415a 4500
001 MAT.inmabb004361
008 831026s1959####nju######b####000#0#eng##
005 20120510105854.0
245 1 0 |a Ramification theoretic methods in algebraic geometry /  |c by Shreeram Abhyankar. 
260 |a Princeton, N.J. :  |b Princeton University Press,  |c 1959. 
300 |a vi, 96 p. ;  |c 26 cm. 
440 0 |a Annals of mathematics studies ;  |v no. 43 
504 |a Bibliografía: p. 95-96. 
510 4 |a MR,  |c 21 #4158 
020 |a 0691080232 
100 1 |a Abhyankar, Shreeram Shankar. 
084 |a 14  |2 msc2000 
650 0 |a Algebraic fields. 
650 0 |a Geometry, Algebraic. 
010 |a  59011071  
040 |a DLC/ICU  |c ICU  |d DLC 
856 4 |u http://books.google.com/books?vid=ISBN0691080232  |y Google Book Search 
859 |h 14  |i AB147  |p A-5485  |b BIB. MATEMATICA